书目信息 |
| 题名: |
中国农村信息化发展报告
|
|
| 作者: | 李道亮 主编 | |
| 分册: | 2014-2015 | |
| 出版信息: | 北京 电子工业出版社 2016.04 |
|
| 页数: | 479页 | |
| 开本: | 26cm | |
| 丛书名: | ||
| 单 册: | ||
| 中图分类: | S126 | |
| 科图分类: | ||
| 主题词: | 信息技术--应用--农村--研究报告--中国--2014-2015 | |
| 电子资源: | ||
| ISBN: | 978-7-121-28258-4 | |
| 000 | 00994nam0 2200229 450 | |
| 001 | 666 | |
| 005 | 20180927144629.01 | |
| 010 | @a978-7-121-28258-4@dCNY128.00 | |
| 100 | @a20160425d2016 em y0chiy50 ea | |
| 101 | 0 | @achi |
| 102 | @aCN@b110000 | |
| 105 | @aa z 000yy | |
| 200 | 1 | @a中国农村信息化发展报告@9zhong guo nong cun xin xi hua fa zhan bao gao@h2014-2015@b专著@f李道亮主编 |
| 210 | @a北京@c电子工业出版社@d2016.04 | |
| 215 | @a479页@c图@d26cm | |
| 300 | @a农业部农业农村资源农业信息化发展专项 | |
| 330 | @a本书记录了2014年我国农村信息化发展进程,内容框架主要包括理论进展篇、基础建设篇、应用进展篇、地方建设篇、企业推进篇、科研创新篇、专家视点篇、实践探索篇、大事记篇等共计10篇。报告将全面反映我国农村信息化建设状况,为业界提供全面反映中国农村信息化发展进程的详实资料。 | |
| 606 | 0 | @a信息技术@x应用@x农村@x研究报告@y中国@z2014-2015 |
| 690 | @aS126@v5 | |
| 701 | 0 | @a李道亮@9li dao liang@f(1971-)@4主编 |
| 801 | 0 | @aCN@b91MARC@c20160516 |
| 905 | @aMuseLib@dS126@e91(2014-2015) | |
| 中国农村信息化发展报告.2014-2015/李道亮主编.-北京:电子工业出版社,2016.04 |
| 479页:图;26cm |
| 农业部农业农村资源农业信息化发展专项 |
| ISBN 978-7-121-28258-4:CNY128.00 |
| 本书记录了2014年我国农村信息化发展进程,内容框架主要包括理论进展篇、基础建设篇、应用进展篇、地方建设篇、企业推进篇、科研创新篇、专家视点篇、实践探索篇、大事记篇等共计10篇。报告将全面反映我国农村信息化建设状况,为业界提供全面反映中国农村信息化发展进程的详实资料。 |
| ● |
| 相关链接 |
|
|
|
|
正题名:中国农村信息化发展报告
索取号:S126/91(2014-2015)
 
预约/预借
| 序号 | 登录号 | 条形码 | 馆藏地/架位号 | 状态 | 备注 |
| 1 | 1120109 | 211201091 | 第二样本阅览室/ [索取号:S126/91(2014-2015)] | 在馆 | |
| 2 | 1120110 | 211201108 | 第三借阅区/ [索取号:S126/91(2014-2015)] | 在馆 | |
| 3 | 1120111 | 211201117 | 第三借阅区/ [索取号:S126/91(2014-2015)] | 在馆 |